00234nam a2200097Ia 4500008004100000100001400041245003500055260002800090300001000118650000800128191201s2007 xx 000 0 und d aGUPTA, AK 0aManagement Information Systems aN. DelhibS Chandc2007 a336+8 aMBA